<?xml version="1.0" encoding="UTF-8"?>
<record
    xmlns:xsi="http://www.w3.org/2001/XMLSchema-instance"
    xsi:schemaLocation="http://www.loc.gov/MARC21/slim http://www.loc.gov/standards/marcxml/schema/MARC21slim.xsd"
    xmlns="http://www.loc.gov/MARC21/slim">

  <leader>01823nam a2200337 a 4500</leader>
  <controlfield tag="003">Mxchpua</controlfield>
  <controlfield tag="005">20250805122725.0</controlfield>
  <controlfield tag="007">ta</controlfield>
  <controlfield tag="008">250710s2025    mx ado|fs|||| 001 0 spa d</controlfield>
  <datafield tag="040" ind1=" " ind2=" ">
    <subfield code="a">mxchpua</subfield>
  </datafield>
  <datafield tag="090" ind1=" " ind2=" ">
    <subfield code="a">T.C.964</subfield>
    <subfield code="b">A83 IA </subfield>
    <subfield code="c">2025</subfield>
  </datafield>
  <datafield tag="245" ind1="1" ind2="0">
    <subfield code="a">Introducci&#xF3;n a la agroindustria: </subfield>
    <subfield code="b">practica de campo /</subfield>
    <subfield code="c">coordinador Rogelio Ascencio Rivera ; colaboradores Tania Denisse Blancas M&#xE9;ndez...[y otros]</subfield>
  </datafield>
  <datafield tag="260" ind1=" " ind2=" ">
    <subfield code="a">Chapingo, M&#xE9;xico :</subfield>
    <subfield code="b">El autor,</subfield>
    <subfield code="c">2025</subfield>
  </datafield>
  <datafield tag="300" ind1=" " ind2=" ">
    <subfield code="a">1 recurso en l&#xED;nea (292 p&#xE1;ginas) :</subfield>
    <subfield code="b">ilustraciones, tablas, gr&#xE1;ficas, fotograf&#xED;as</subfield>
  </datafield>
  <datafield tag="336" ind1=" " ind2=" ">
    <subfield code="2">rdacontent</subfield>
    <subfield code="a">Texto</subfield>
    <subfield code="b">txt</subfield>
  </datafield>
  <datafield tag="337" ind1=" " ind2=" ">
    <subfield code="2">rdamedia</subfield>
    <subfield code="a">computadora</subfield>
    <subfield code="b">c</subfield>
  </datafield>
  <datafield tag="338" ind1=" " ind2=" ">
    <subfield code="2">rdacarrier</subfield>
    <subfield code="a">recurso en l&#xED;nea</subfield>
    <subfield code="b">cr</subfield>
  </datafield>
  <datafield tag="500" ind1=" " ind2=" ">
    <subfield code="a">Grado: 4&#xB0;  Grupo: 4</subfield>
  </datafield>
  <datafield tag="502" ind1=" " ind2=" ">
    <subfield code="a">Viaje de Estudios</subfield>
    <subfield code="b">(IA) --</subfield>
    <subfield code="c">UACh. Departamento de Ingenier&#xED;a Agroindustrial,</subfield>
    <subfield code="d">2025</subfield>
  </datafield>
  <datafield tag="504" ind1=" " ind2=" ">
    <subfield code="a">Incluye bibliograf&#xED;as</subfield>
  </datafield>
  <datafield tag="505" ind1="0" ind2="0">
    <subfield code="a">Visitas : --</subfield>
    <subfield code="t">1. Rancho La Gaspare&#xF1;a --
2. Cooperativa Pascual S.C.L. Planta 5, Tizayuca Hidalgo --
3. Rancho Santa Marina --
4. Micro Cervecer&#xED;a Artesanal: Primus --
5. Rastro TIF --
6. La Huerta --
7. Vi&#xF1;edos Casa Leal --
8. Flor de Calvillo --
9. Mezcalera Real de Jalpa --
10. Chocolatera Nueva Galicia --
11. YAKULT --
12. Grupo BIMBO --
13. Tequila Selecto De Amatit&#xE1;n --
14. Go Verden</subfield>
  </datafield>
  <datafield tag="650" ind1="1" ind2="3">
    <subfield code="a">Industria de bebidas</subfield>
    <subfield code="z">M&#xE9;xico  </subfield>
    <subfield code="9">157685</subfield>
  </datafield>
  <datafield tag="650" ind1="1" ind2="3">
    <subfield code="a">Industria azucarera</subfield>
    <subfield code="z">M&#xE9;xico</subfield>
    <subfield code="9">57780</subfield>
  </datafield>
  <datafield tag="650" ind1="1" ind2="3">
    <subfield code="a">Industria de semillas  </subfield>
    <subfield code="z">M&#xE9;xico</subfield>
    <subfield code="9">154452</subfield>
  </datafield>
  <datafield tag="650" ind1="1" ind2="3">
    <subfield code="a">Beverage industry</subfield>
    <subfield code="z">Mexico</subfield>
    <subfield code="9">157683</subfield>
  </datafield>
  <datafield tag="650" ind1="1" ind2="3">
    <subfield code="a">Sugar industry</subfield>
    <subfield code="z">Mexico  </subfield>
    <subfield code="9">148429</subfield>
  </datafield>
  <datafield tag="650" ind1="1" ind2="3">
    <subfield code="a">Seed industry</subfield>
    <subfield code="z">Mexico</subfield>
    <subfield code="9">154453</subfield>
  </datafield>
  <datafield tag="700" ind1="1" ind2=" ">
    <subfield code="a">Ascencio Rivera, J. Rogelio</subfield>
    <subfield code="9">154289</subfield>
    <subfield code="e">coordinador</subfield>
  </datafield>
  <datafield tag="700" ind1="1" ind2=" ">
    <subfield code="a">Blancas M&#xE9;ndez, Tania Denisse</subfield>
    <subfield code="9">190791</subfield>
    <subfield code="e">colaboradora</subfield>
  </datafield>
  <datafield tag="856" ind1="4" ind2="1">
    <subfield code="y">DESCARGAR REPORTE</subfield>
    <subfield code="u">http://10.13.5.2/ve/TC964_IA/TC964_IA_2025-REPORTE.pdf</subfield>
  </datafield>
  <datafield tag="999" ind1=" " ind2=" ">
    <subfield code="c">220752</subfield>
    <subfield code="d">220752</subfield>
  </datafield>
  <datafield tag="952" ind1=" " ind2=" ">
    <subfield code="0">0</subfield>
    <subfield code="1">0</subfield>
    <subfield code="2">local</subfield>
    <subfield code="4">0</subfield>
    <subfield code="7">0</subfield>
    <subfield code="8">VEE</subfield>
    <subfield code="a">IA_</subfield>
    <subfield code="b">IA_</subfield>
    <subfield code="c">E_L</subfield>
    <subfield code="d">2025-07-10</subfield>
    <subfield code="e">El autor</subfield>
    <subfield code="l">0</subfield>
    <subfield code="o">T.C.964 A83 IA 2025</subfield>
    <subfield code="p">1206015640</subfield>
    <subfield code="r">2025-07-10 14:34:15</subfield>
    <subfield code="w">2025-07-10</subfield>
    <subfield code="y">VEE</subfield>
  </datafield>
</record>
